Madame Bovary /

Gespeichert in:
Bibliographische Detailangaben
1. Verfasser: Flaubert, Gustave (Verfasst von)
Weitere Verfasser: Cecchi, Ottavio, Lunetta, Mario
Format: Buch
Sprache:Italienisch
Veröffentlicht: Roma : Tascabili economici Newton, 1993
Schriftenreihe:I classici Superten ; 2
Tags: Tag hinzufügen
Keine Tags, Fügen Sie das erste Tag hinzu!

MARC

LEADER 00000nam a22000007i 4500
001 IT\ICCU\RAV\0304011
003 ItRI
005 20251008144219.0
008 971028s1993 it |||||| ||||| |||||c
020 |a 887983116X 
040 |b ita  |c ct 
041 7 |a ita  |2 ISO-639-2 
082 |a 843.8  |2 20 
100 1 |a Flaubert, Gustave  |0 IT\ICCU\CFIV\000314  |4 aut 
240 1 0 |a Madame Bovary  |9 Flaubert, Gustave 
245 1 0 |a Madame Bovary /  |c Gustave Flaubert ; introduzione di Mario Lunetta ; traduzione di Ottavio Cecchi. 
260 |a Roma :  |b Tascabili economici Newton,  |c 1993 
300 |a 256 p. ;  |c 21 cm. 
700 1 |a Cecchi, Ottavio  |0 IT\ICCU\CFIV\008530 
700 1 |a Lunetta, Mario  |0 IT\ICCU\CFIV\011489 
830 2 |a I classici Superten ;  |v 2  |0 IT\ICCU\RAV\0225044 
942 |2 ddc  |c BK 
952 |0 0  |1 0  |2 ddc  |4 0  |6 B_LNR02FLAGUMAD11  |7 0  |9 7715  |a MI  |b MI  |d 2012-06-08  |i 6345  |l 0  |o B-LNR02-FLAGU-MAD11  |p CDOM6345  |r 2025-07-13 16:28:00  |w 2025-07-13  |x DONO  |y BK 
981 1 |6 z01  |a i   |b xxxe  
982 1 |6 z01  |a n 
999 |c 6390  |d 6390